| 000 | 00516nam a2200193 a 4500 | ||
|---|---|---|---|
| 005 | 20240912063809.0 | ||
| 008 | 991125s1988 mx 000 0 spa u | ||
| 020 | _a9688231932 | ||
| 035 | _aUPN01000028754 | ||
| 049 | _aCG | ||
| 050 | 4 |
_aQP77 _bD838 |
|
| 100 | 1 | _aDucrocq, Albert | |
| 245 | 1 | 3 |
_aEl hombre y su cuerpo / _cAlbert Ducrocq. |
| 260 |
_aMéxico : _bAlhambra : _bCONACYT, _c1988. |
||
| 300 |
_a59 p. : _bil. col. |
||
| 440 | 0 |
_aCONACYT te cuenta ; _v4 |
|
| 650 | 2 |
_aCuerpo humano _99138 |
|
| 905 | _aLibro | ||
| 999 |
_c28754 _d28754 |
||